• 首页
  • 本馆介绍
  • 公告通知
  • 最新文献
  • 馆藏检索
  • 电子资源
  • 读者导购
  • 参考咨询
  • 我的图书馆
  • 登录
  • 详细信息显示
  • 放入我的书架
  • 预约/预借图书
  • 作者相关作品
  • 分类相关作品
  • 丛书相关作品
  • 出版社相关作品

书目信息

  • 表格格式
  • 工作单格式
  • 卡片格式
题名:
搭地铁玩成都
    
 
作者: 《搭地铁玩成都》编辑部编著
分册:  
出版信息: 桂林   广西师范大学出版社  2013
页数: 184页
开本: 22cm
丛书名:
单 册:
中图分类: K928.971.1
科图分类:
主题词: 旅游指南--成都
电子资源:
ISBN: 978-7-5495-3371-8
000 00876nam0 2200241 450
001 338506
005 20150603105445.26
010    @a978-7-5495-3371-8@dCNY39.80
100    @a20130614d2013 em y0chiy50 ea
101 0  @achi
102    @aCN@b450000
105    @aa z 001yy
106    @ar
200 1  @a搭地铁玩成都@Ada di tie wan cheng du@d= Chengdu subway@f《搭地铁玩成都》编辑部编著@zeng
210    @a桂林@c广西师范大学出版社@d2013
215    @a184页@c彩图@d22cm
300    @a搭地铁系列 考拉旅行 DT014 2013-2014最新全彩版
330    @a本书介绍了成都10大人气看点及10大人气美食, 将成都地铁1号线、2号线及成都周边景点全部汇集, 囊括: 宽窄巷、锦里、天府广场、府南河、望江楼公园、春熙路、骡马市、盐市口等知名景点。
510 1  @aChengdu subway@zeng
606 0  @a旅游指南@y成都
690    @aK928.971.1@v5
801  0 @aCN@b卓展宏图@c20150525
905    @dK928.971.1@e826@f4
    
    搭地铁玩成都= Chengdu subway/《搭地铁玩成都》编辑部编著.-桂林:广西师范大学出版社,2013
    184页:彩图;22cm
    搭地铁系列 考拉旅行 DT014 2013-2014最新全彩版
    
    ISBN 978-7-5495-3371-8:CNY39.80
    本书介绍了成都10大人气看点及10大人气美食, 将成都地铁1号线、2号线及成都周边景点全部汇集, 囊括: 宽窄巷、锦里、天府广场、府南河、望江楼公园、春熙路、骡马市、盐市口等知名景点。
●
相关链接 在E读中查询图书 在五车中查询图书 在当当中查询图书 在豆瓣中查询图书


正题名:搭地铁玩成都     索取号:K928.971.1/826         预约/预借

序号 登录号 条形码 馆藏地/架位号 状态 备注
1 862455   208624559   第二样本阅览室/ [索取号:K928.971.1/826] 在馆    
2 862456   208624568   密集书库-资源管理系/ [索取号:K928.971.1/826] 在馆    
3 862457   208624577   第二借阅区/ [索取号:K928.971.1/826] 在馆    
4 862458   208624586   第二借阅区/ [索取号:K928.971.1/826] 在馆    
唐山师范学院图书馆 欢迎您!
大连网信软件有限公司© 版权所有